Trade South Africa 2009: a publication of Eurofruit magazine (Record no. 60223)

MARC details
000 -LEADER
fixed length control field 00533nam a2200133 a 4500
008 - FIXED-LENGTH DATA ELEMENTS--GENERAL INFORMATION
fixed length control field 140520s2009 ||||||||||||||||| || u
050 ## - LIBRARY OF CONGRESS CALL NUMBER
Classification number EUROFRUIT(05)
110 ## - MAIN ENTRY--CORPORATE NAME
Corporate name or jurisdiction name as entry element Eurofruit Magazine
245 10 - TITLE STATEMENT
Title Trade South Africa 2009: a publication of Eurofruit magazine
Statement of responsibility, etc. by Eurofruit
260 ## - PUBLICATION, DISTRIBUTION, ETC.
Place of publication, distribution, etc. Cape Town:
Name of publisher, distributor, etc. Eurofruit Magazine
Date of publication, distribution, etc. 2009
300 ## - PHYSICAL DESCRIPTION
Extent 32p.: ill.
650 ## - SUBJECT ADDED ENTRY--TOPICAL TERM
Topical term or geographic name entry element FRUITS-- SOUTH AFRICA
995 ## - RECOMMENDATION 995 [LOCAL, UNIMARC FRANCE]
-- CBU-MAIN LIBRARY (Kitwe)
-- 1
-- AVAILABLE
-- May 20, 2014
-- International Publications
Holdings
Withdrawn status Lost status Source of classification or shelving scheme Damaged status Not for loan Home library Current library Shelving location Date acquired Total Checkouts Full call number Barcode Date last seen Price effective from Koha item type
          CBU-MAIN LIBRARY, KITWE. CBU-MAIN LIBRARY, KITWE.   11/30/2022   EUROFRUIT(05) B1368 11/30/2022 11/30/2022 MONOGRAPH